The admirable crichton /

Saved in:
Bibliographic Details
Main Author: Barrie, J. M. (James Matthew), 1860-1937
Other Authors: Thomson, Hugh, 1860-1920
Format: Book
Language:English
Published: Lond. : Hodder & Stoughton, 1914.
LEADER 00874nam a22002051 4500
001 c000054466
003 CARM
005 00000000000000.0
008 851029s1914 enk 0 eng d
019 1 |a 4023089  |z 42869088  |5 LACONCORD2021 
035 |a (OCoLC)216304839  |5 LACONCORD2021 
100 1 |a Barrie, J. M.  |q (James Matthew),  |d 1860-1937. 
245 1 4 |a The admirable crichton /  |c by J.M.Barrie; illus. by H.Thomson. 
260 |a Lond. :  |b Hodder & Stoughton,  |c 1914. 
500 |a Frontispiece and plates mounted; each plate accompanied by guard sheet with descriptive letterpress. 
700 1 |a Thomson, Hugh,  |d 1860-1920. 
852 8 |b CARM  |h A2:AG13G0  |i A00573  |p 0086036  |f BK 
082 0 4 |a 822.8 
999 f f |i b86001ed-55cb-5fc7-8409-7349c000f165  |s 5e5f2646-e4f4-5dd7-af56-90b6f98b5957 
952 f f |p Can circulate  |a CAVAL  |b CAVAL  |c CAVAL  |d CARM 1 Store  |e A00573  |f A2:AG13G0  |h Other scheme  |i book  |m 0086036